000 00309 a2200109 4500
001 ART_52133
005 20260410161810.0
008 260409a
245 1 0 _aCrisis de insolvencia
100 1 _aDasso, Ariel G.
773 0 _tDoctrina Societaria y Concursal
_g- N° 398 (ene. 2021)
_wREV4298
999 _c21411
_d21411